| Tag |
First Indicator |
Second Indicator |
Subfields |
| LEADER |
00000cam a2200000 4500 |
| 001 |
in00001938457 |
| 006 |
m | d | |
| 007 |
cr |n||||||||n |
| 008 |
820313s1762 fr |||| s 00||||fre d |
| 005 |
20260403185227.8 |
| 035 |
|
|
|a (CStRLIN)ESTCT139387
|
| 040 |
|
|
|a Uk-ES
|c Uk-ES
|d Cu-RivES
|d CStRLIN
|d Thomson Gale
|d UtOrBLW
|
| 100 |
1 |
|
|a Fougeret de Monbron, Louis Charles,
|d 1706-1760.
|
| 245 |
1 |
2 |
|a L'anti anglois :
|b Par M. de Monbron.
|
| 264 |
|
1 |
|a Glascow [i.e. Paris?],
|b [publisher not identified] ;
|c 1762.
|
| 300 |
|
|
|a 2 unnumbered pages, 58p. ;
|c 8⁰.
|
| 336 |
|
|
|a text
|b txt
|2 rdacontent
|
| 337 |
|
|
|a computer
|b c
|2 rdamedia
|
| 338 |
|
|
|a online resource
|b cr
|2 rdacarrier
|
| 500 |
|
|
|a With a half-title.
|
| 500 |
|
|
|a The imprint is false; possibly printed in Paris.
|
| 500 |
|
|
|a Reproduction of original from the British Library.
|
| 510 |
4 |
|
|a English Short Title Catalog,
|c ESTCT139387.
|
| 533 |
|
|
|a Electronic reproduction.
|b Farmington Hills, Mich. :
|c Thomson Gale,
|d 2003.
|n Available via the World Wide Web.
|n Access limited by licensing agreements
|7 s2003 miunns
|
| 500 |
|
|
|a Electronic resource.
|
| 830 |
|
0 |
|a Eighteenth century collections online.
|
| 856 |
4 |
0 |
|u http://proxy.library.tamu.edu/login?url=https://galenet.galegroup.com/servlet/ECCO?c=1&stp=Author&ste=11&af=BN&ae=T139387&tiPG=1&dd=0&dc=flc&docNum=CW111584655&vrsn=1.0&srchtp=a&d4=0.33&n=10&SU=0LRK&locID=txshracd2898
|z Full text online
|t 0
|
| 999 |
|
|
|a MARS
|
| 999 |
f |
f |
|s bd0018f4-6452-32eb-b30b-c9c7f8491969
|i f3bac26b-32ad-380a-ab69-5591ce1206e9
|t 0
|
| 952 |
f |
f |
|a Texas A&M University
|b College Station
|c Electronic Resources
|s www_evans
|d Available Online
|t 0
|h No information provided
|
| 998 |
f |
f |
|t 0
|l Available Online
|